Statistics for NHL Hockey Top 50 All-Time Goal Scorers

Click here to take the quiz!

General Stats

  • This quiz has been taken 5,782 times
    (95 since last reset)
  • The average score is 29 of 50

Answer Stats

# Team Player % Correct
894EDMWayne Gretzky
100%
662WSHAlex Ovechkin
98%
610CHIBobby Hull
95%
741STLBrett Hull
95%
766PITJaromir Jagr
94%
801DETGordie Howe
94%
690PITMario Lemieux
93%
684ANATeemu Selanne
89%
694EDMMark Messier
88%
544MTLMaurice Richard
86%
625COLJoe Sakic
81%
601EDMJari Kurri
79%
692DETSteve Yzerman
79%
731LAMarcel Dionne
79%
717BOSPhil Esposito
79%
564TORMats Sundin
78%
560MTLGuy Lafleur
78%
561DALMike Modano
78%
668LALuc Robitaille
78%
553SJPatrick Marleau
75%
625CGYJarome Iginla
74%
573NYIMike Bossy
69%
524NYIBryan Trottier
66%
541CHIStan Mikita
66%
549HARRon Francis
64%
656DETBrendan Shanahan
58%
507MTLJean Beliveau
55%
708WSHMike Gartner
51%
512BUFGilbert Perreault
49%
518WINDale Hawerchuk
48%
556BOSJohn Bucyk
46%
498EDMGlenn Anderson
45%
640BUFDave Andreychuk
44%
500TORLanny McDonald
44%
608MINDino Ciccarelli
43%
513CHIJeremy Roenick
40%
577PHIMark Recchi
40%
503WSHPeter Bondra
38%
548QUEMichel Goulet
36%
484TORDarryl Sittler
34%
525OTTMarian Hossa
33%
564CGYJoe Nieuwendyk
33%
538STLKeith Tkachuk
30%
515NYIPierre Turgeon
26%
491NYRJean Ratelle
24%
533TORFrank Mahovlich
20%
522HARPat Verbeek
16%
485MINBrian Bellows
16%
502CGYJoe Mullen
15%
490DETNorm Ullman
14%

Score Distribution

Percentile by Number Answered

Percent of People with Each Score

Your Score History

You have not taken this quiz since the last reset